Crossword Generator Puzzle #3 - Statistics

General Stats
  • This quiz has been taken 16 times
  • The average score is 10 of 24
Answers on the Map
Answers color-coded by a green-red scale on the quiz's map according to % correct below.
 
Answer Stats
Word % Correct
pears
73%
shape
73%
sharp
73%
spare
73%
praise
67%
sapphire
67%
spear
60%
phase
53%
share
53%
shear
53%
paper
47%
phrase
40%
piper
40%
happier
33%
parse
33%
piers
33%
hares
27%
heaps
27%
perhaps
27%
raise
27%
aspire
20%
perish
20%
arise
13%
sepia
0%
No matching quizzes found
Score Distribution
Percent of People with Each Score
Percentile by Number Answered
Your Score History
You have not taken this quiz